00948nam a2200181 a 450000100100000000500170001000800410002702000150006804000250008310000320010824501280014026001610026830000280042950000760045795201050053395201110063899900170074900004389320201002045030.0140508s1996 sp 000 0 spa d a8481811394 aDO-SdBNPbspacBNPHU1 aRoca i Girona, Jordi97178810aDe la pureza a la maternidad :bla construcción del género femenino en la postguerra española /cJordi Roca i Girona. a[Madrid] :bMinisterio de Educación y Cultura. Dirección General de Bellas Artes y Bienes Culturales. Subdirección General de Museos Estatales,c1996. a377 p. :bil. ;c22 cm. aIncluye datos biográficos del autor en la solapa de la contracubierta 001050718MOaGRbGRcHDd2014-05-08iLF1l0o p43893-10r2020-06-25w2020-06-25y1ZNo se presta 001150718MOaGRbGRcMId2014-05-09iLF1l0o p43893-20r2020-06-25te. 2w2020-06-25y1ZNo se presta c43382d43382